|
|
|
|
| LEADER |
00000nab a2200000 a 4500 |
| 001 |
vtls011116954 |
| 003 |
SK-MaSNL |
| 005 |
20260304030122.0 |
| 008 |
250310|1998 xo |||||||||||||||||slo| |
| 015 |
|
|
|a SNBRB
|
| 035 |
|
|
|a (uuid)3cef7f85-6b34-41d1-a43b-c692a775e6ff
|
| 035 |
|
|
|a (urnnbn)urn:nbn:sk:snk:ar-a08l9c
|
| 035 |
|
|
|a urn:nbn:sk:snk-ab9nfd
|
| 040 |
|
|
|a SNKBUCL
|b slo
|c SNKBUCL
|e AACR2
|
| 041 |
0 |
|
|a slo
|
| 044 |
|
|
|a xo
|c SK
|
| 100 |
1 |
|
|a Jedlička, Milan,
|d 1947-2008
|4 aut
|9 200753
|
| 245 |
1 |
0 |
|a Zákazník a jeho nezastupiteľné miesto pri zvyšovaní kvality
|c Milan Jedlička
|
| 773 |
0 |
|
|t Kvalita : odborný časopis Slovenskej spoločnosti pre kvalitu
|g Roč. 6, č. 5 (1998), s. 30-31
|
| 958 |
|
|
|a OND
|
| 958 |
|
|
|a EUIPO
|
| 958 |
|
|
|a article13
|
| 999 |
|
|
|c 2631802
|d 2633732
|